| 000 | 00353nam a2200121Ia 4500 | ||
|---|---|---|---|
| 008 | 230907s9999||||xx |||||||||||||| ||und|| | ||
| 082 | _a532,MOR | ||
| 100 |
_aMorrison, Faith A. _9115253 |
||
| 245 | 3 | _aAn introduction to fluid mechanics | |
| 260 |
_aCambridge University Press, _bCambridge ; | New York : _c2013 |
||
| 300 | _axvi, 927 p. : | ||
| 942 | _cBK | ||
| 999 |
_c597955 _d597955 |
||